000 00523nam a2200193Ia 4500
005 20250508151304.0
008 008 250505s9999 xx 000 0 eng d
037 _aTextual
040 _aFEDL
_beng
_cFEDL
041 _aeng
_2eng
084 _a155.4, THO
_qFEDL
100 _aThomson Ford
_9757508
245 0 _aAsk the children
260 _aLondon, UK
_bCassell and Company Ltd
_c1950
300 _aviii,287p.
650 _aChild Psychology
942 _cTEXL
_h155.4, THO
999 _c1328852
_d1328852